Bovinos brahman /

Guardado en:
Autor Principal: Tocagni, Héctor
Formato: Libro
Publicado: Buenos Aires : Albatros, 1980
Materias:
Etiquetas: Agregar Etiqueta
Sin Etiquetas, Sea el primero en etiquetar este registro!
LEADER 00465nam a22001695a 4500
001 CEM.cems016200
005 20090914170311.0
008 130507s1980##################000#0#####d
003 CEMS
082 0 4 |a 636.28 
100 1 |a Tocagni, Héctor 
245 1 0 |a Bovinos brahman /  |c Héctor Tocagni, 
260 |a Buenos Aires :  |b Albatros,  |c 1980 
300 |a 86 p. 
653 |a Bovinos brahman 
653 |a Bovinos 
859 |a CEMS  |b BIB. CEMS - Agricultura  |h 636.28  |i T561-1  |p A12273.83  |t Ej.1